Grasshoppers and locusts : (Record no. 147676)
[ view plain ]
| 000 -LEADER | |
|---|---|
| fixed length control field | 00883cam9a220024100 4500 |
| 001 - CONTROL NUMBER | |
| control field | tmp15730997 |
| 003 - CONTROL NUMBER IDENTIFIER | |
| control field | UPRA |
| 005 - DATE AND TIME OF LATEST TRANSACTION | |
| control field | 20190823101901.0 |
| 008 - FIXED-LENGTH DATA ELEMENTS--GENERAL INFORMATION | |
| fixed length control field | 951013s1977 enk eng u |
| 035 ## - SYSTEM CONTROL NUMBER | |
| System control number | (Sirsi) r55987 |
| 035 ## - SYSTEM CONTROL NUMBER | |
| System control number | (UPRA)tmp15730997 |
| 040 ## - CATALOGING SOURCE | |
| Transcribing agency | UPRA |
| 100 1# - MAIN ENTRY--PERSONAL NAME | |
| Titles and words associated with a name | Sir. |
| Linkage | A14696.1 |
| 245 10 - TITLE STATEMENT | |
| Title | Grasshoppers and locusts : |
| Remainder of title | a handbook of general acridology. |
| 260 ## - PUBLICATION, DISTRIBUTION, ETC. | |
| Place of publication, distribution, etc. | [London] : |
| Name of publisher, distributor, etc. | Centre for Overseas Pest Research, |
| Date of publication, distribution, etc. | 1977. |
| 504 ## - BIBLIOGRAPHY, ETC. NOTE | |
| Bibliography, etc. note | Includes bibliographical references. |
| 505 0# - FORMATTED CONTENTS NOTE | |
| Formatted contents note | v. 1. Anatomy, physiology, development -- v. 2. Behaviour, ecology, biogeography, population dynamies. |
| 650 #0 - SUBJECT ADDED ENTRY--TOPICAL TERM | |
| Topical term or geographic name entry element | Locusts. |
| Linkage | S10596.1 |
| 949 ## - LOCAL PROCESSING INFORMATION (OCLC) | |
| a | QL508 |
| w | lcc |
| i | 33729000266796 |
| m | MAIN |
| p | 2500 |
| t | BOOK |
| l | ON-SHELF |
| 949 ## - LOCAL PROCESSING INFORMATION (OCLC) | |
| a | QL508 |
| w | lcc |
| i | 33729000266853 |
| m | MAIN |
| p | 2500 |
| t | BOOK |
| l | ON-SHELF |
| 949 ## - LOCAL PROCESSING INFORMATION (OCLC) | |
| a | QL508 |
| w | lcc |
| i | 33729000266911 |
| m | MAIN |
| p | 2500 |
| t | BOOK |
| l | ON-SHELF |
No items available.